Zákony II/99 úplné znenia zákonov z obchodného a občianskeho práva a súvisiace predpisy platné k 1.1.1999

Guardado en:
Detalles Bibliográficos
Formato: Libro
Lenguaje:eslovaco
Publicado: Žilina Poradca [1998]
Materias:
Etiquetas: Agregar Etiqueta
Sin Etiquetas, Sea el primero en etiquetar este registro!

MARC

LEADER 00000nam a2200000 4500
001 c106049
005 20221109095459.5
020 |a 80-88927-03-X 
041 0 |a slo 
044 |a SK 
245 1 0 |a Zákony II/99  |b úplné znenia zákonov z obchodného a občianskeho práva a súvisiace predpisy platné k 1.1.1999 
264 1 |a Žilina  |b Poradca  |c [1998] 
300 |a 640 s. 
610 2 0 |a zákonník obchodný 
610 2 0 |a zákonník občiansky 
610 2 0 |a poriadok exekučný 
610 2 0 |a živnosti 
610 2 0 |a živnostníci 
610 2 0 |a poriadok súdny občiansky 
610 2 0 |a prokuratúra 
610 2 0 |a súdy 
610 2 0 |a správa verejná 
610 2 0 |a konkurzy 
610 2 0 |a vyrovnanie 
610 2 0 |a právo 
610 2 0 |a legislatíva 
610 2 0 |a predpisy právne 
610 2 0 |a smernice 
610 2 0 |a vyhlášky 
610 2 0 |a Slovensko 
610 2 0 |a 1999